00402pab a2200133 454500008004000000100002200040245010500062260000900167300001400176362001300190650002800203650002000231773001700251180718b2000 xxu||||| |||| 00| 0 eng d aNayar, Baldev Raj aThe limits of economic nationalism in India: economic reform under the BJP-led government, 1998-1999 c2000 ap.792-815 aSept-Oct aEconomic reform - India aEconomic reform aAsian Survey